| 000 | 00920nam a2200193 i 4500 | ||
|---|---|---|---|
| 001 | 153865 | ||
| 003 | ES-MaACL | ||
| 005 | 20230906205418.0 | ||
| 008 | 011017s1887 sp a |||| | spa d | ||
| 110 | 1 |
_aEspaña. _bMinisterio de la Guerra. _93906 |
|
| 245 | 1 | 0 |
_aReglamento para el ejercicio y maniobras de la caballería _b: instrucción de la sección y escuadrón / _cpublicado por el Depósito de la Guerra. |
| 260 |
_aMadrid : _b[s.n.], _c1887 ( _fImp. y litografía del Depósito de la Guerra) |
||
| 300 |
_a210 p. : _bil. ; _c17 cm. |
||
| 530 | _aDisponible en formato digital. | ||
| 650 | 4 |
_aCaballería- _zEspaña- _vReglamentos. _9158312 |
|
| 710 | 1 |
_aEspaña. _bDepósito de la Guerra. _9167579 |
|
| 852 |
_aES-MaACL _jG-8845(1) _z- Enc. hol., conservando la original _z- Donado por el Ministerio de la Guerra |
||
| 856 |
_uhttp://bdh-rd.bne.es/viewer.vm?id=0000131000&page=1 _zBiblioteca Digital Hispánica |
||
| 999 |
_c153865 _d153865 |
||